Litania do Najświętszego Serca Pana Jezusa - Statystyki

Ogólne statystyki
  • Ten quiz został rozwiązany 238 razy
  • Średni wynik to 21 z 33
Statystyki odpowiedzi
Hint Odpowiedź % Poprawnych
Serce Jezusa włócznią przebite
90%
Serce Jezusa Syna Ojca Przedwiecznego
78%
Serce Jezusa świątynio Boga
77%
Serce Jezusa nadziejo w Tobie umierających
76%
Serce Jezusa aż do śmierci posłuszne
73%
Serce Jezusa rozkoszy wszystkich Świętych
73%
Serce Jezusa zelżywością napełnione
72%
Serce Jezusa w łonie Matki Dziewicy przez Ducha Świętego utworzone
71%
Serce Jezusa dla nieprawości naszych starte
70%
Serce Jezusa krwawa ofiaro grzeszników
69%
Serce Jezusa nieskończonego majestatu
69%
Serce Jezusa w którym sobie Ojciec bardzo upodobał
69%
Serce Jezusa gorejące ognisko miłości
68%
Serce Jezusa hojne dla wszystkich, którzy Cię wzywają
67%
Serce Jezusa ze Słowem Bożym istotowo zjednoczone
67%
Serce Jezusa przybytku Najwyższego
65%
Serce Jezusa w którym są wszystkie skarby mądrości i umiejętności
65%
Serce Jezusa z którego pełni wszyscyśmy otrzymali
65%
Serce Jezusa w którym mieszka cała pełnia Bóstwa
64%
Serce Jezusa pokoju i pojednanie nasze
62%
Serce Jezusa domie Boży i bramo niebios
61%
Serce Jezusa królu i zjednoczenie serc wszystkich
60%
Serce Jezusa cierpliwe i wielkiego miłosierdzia
58%
Serce Jezusa cnót wszelkich bezdenna głębino
58%
Serce Jezusa źródło życia i świętości
57%
Serce Jezusa sprawiedliwości i miłości skarbnico
55%
Serce Jezusa wszelkiej chwały najgodniejsze
55%
Serce Jezusa źródło wszelkiej pociechy
55%
Serce Jezusa życie i zmartwychwstanie nasze
55%
Serce Jezusa dobroci i miłości pełne
54%
Serce Jezusa przebłaganie za grzechy nasze
54%
Serce Jezusa odwieczne upragnienie świata
51%
Serce Jezusa zbawienie ufających Tobie
51%
Nie znaleziono quizów pasujących do podanych kryteriów
Rozkład punktacji
Procent ludzi z każdym wynikiem
Percentyl według liczby udzielonych odpowiedzi
Twoja historia wyników
Nie rozwiązałeś tego quizu